Bundesliga 24/25 - Statystyki

Ogólne statystyki
  • Ten quiz został rozwiązany 239 razy
  • Średni wynik to 11 z 18
Statystyki odpowiedzi
Klub % Poprawnych
2 Bayer
100%
1 Bayern
98%
8 Borussia dortmund
98%
10 Wolfsburg
72%
4 Lipsk
65%
12 Union Berlin
64%
9 Werder brema
64%
11 Borussia Monchengladbach
63%
3 Frankfurt
62%
6 Stuttgart
62%
7 Mainz
56%
14 Hoffenheim
52%
5 Freiburg
51%
13 Augsburg
49%
18 Bochum
48%
16 Heidenheim
47%
15 St Pauli
45%
17 Holstein Kiel
44%
Nie znaleziono quizów pasujących do podanych kryteriów
Rozkład punktacji
Procent ludzi z każdym wynikiem
Percentyl według liczby udzielonych odpowiedzi
Twoja historia wyników
Nie rozwiązałeś tego quizu